Назови Все Столицы Мира - Statistics

General Stats
  • This quiz has been taken 21 384 times
  • The average score is 72 of 196
Answer Stats
Страна Столица % Correct
Россия Москва
93%
Беларусь Минск
92%
Украина Киев
90%
Германия Берлин
89%
Италия Рим
89%
Великобритания Лондон
89%
Франция Париж
88%
Испанияю Мадрид
83%
Австрия Вена
81%
Греция Афины
81%
Ватикан Ватикан
81%
Япония Токио
80%
Польша Варшава
80%
Китай Пекин
79%
Соединённые Штаты Америки Вашингтон
78%
Норвегия Осло
77%
Казахстан Астана
76%
Болгария София
75%
Бразилия Бразилиа
74%
Чехия Прага
74%
Монако Монако
74%
Люксембург Люксембург
73%
Португалия Лиссабон
73%
Финляндия Хельсинки
72%
Латвия Рига
72%
Нидерланды Амстердам
72%
Южная Корея Сеул
72%
Дания Копенгаген
71%
Венгрия Будапешт
71%
Азербайджан Баку
69%
Бельгия Брюссель
69%
Мексика Мехико
68%
Швеция Стокгольм
68%
Турция Анкара
68%
Армения Ереван
67%
Канада Оттава
67%
Эстония Таллин
66%
Ирландия Дублин
66%
Сан-Марино Сан-Марино
66%
Грузия Тбилиси
65%
Индия Нью-Дели
65%
Литва Вильнюс
65%
Сербия Белград
65%
Швейцария Берн
65%
Исландия Рейкьявик
63%
Румыния Бухарест
63%
Израиль Иерусалим/Тель-Авив
61%
Северная Корея Пхеньян
61%
Египет Каир
60%
Молдова Кишинёв
59%
Словакия Братислава
58%
Босния и Герцеговина Сараево
57%
Объединëнные Арабские Эмираты Абу-Даби
56%
Австралия Канберра
55%
Хорватия Загреб
55%
Иран Тегеран
55%
Сингапур Сингапур
55%
Албания Тирана
54%
Монголия Улан-Батор
54%
Словения Любляна
54%
Узбекистан Ташкент
54%
Алжир Алжир
53%
Киргизия Бишкек
51%
Аргентина Буэнос-Айрес
50%
Афганистан Кабул
49%
Черногория Подгорица
47%
Андорра Андорра-ла-Велья
46%
Ирак Багдад
46%
Таиланд Бангкок
46%
Индонезия Джакарта
45%
Лихтенштейн Вадуц
45%
Македония Скопье
44%
Панама Панама
44%
Таджикистан Душанбе
44%
Мальта Валлетта
42%
Саудовская Аравия Эр-Рияд
42%
Вьетнам Ханой
42%
Сирия Дамаск
41%
Пакистан Исламабад
40%
Косово Приштина
39%
Туркмения Ашхабад
39%
Чили Сантьяго
38%
Кипр Никосия
37%
Кувейт Эль-Кувейт
37%
Перу Лима
37%
Тунис Тунис
37%
Куба Гавана
36%
Бангладеш Дакка
35%
Филиппины Манила
35%
Катар Доха
35%
Уругвай Монтевидео
34%
Венесуэла Каракас
34%
Новая Зеландия Веллингтон
33%
Малайзия Куала-Лумпур
32%
Мадагаскар Антананариву
31%
Ливан Бейрут
30%
Непал Катманду
30%
Южно-Африканская Республика Претория/Кейптаун/Блумфонтейн
30%
Колумбия Богота
29%
Сальвадор Сан-Сальвадор
29%
Мальдивы Мале
29%
Гватемала Гватемала
28%
Эквадор Кито
27%
Иордания Амман
27%
Тайвань Тайбэй
27%
Йемен Сана
27%
Сент-Винсент и Гренадины Кингстаун
26%
Камбоджа Пномпень
25%
Ямайка Кингстон
25%
Ливия Триполи
25%
Марокко Рабат
25%
Боливия Сукре/Ла-Пас
24%
Оман Маскат
24%
Бахрейн Манама
22%
Бутан Тхимпху
22%
Коста-Рика Сан-Хосе
22%
Джибути Джибути
22%
Эфиопия Аддис-Абеба
22%
Кения Найроби
22%
Лаос Вьентьян
22%
Парагвай Асунсьон
22%
Восточный Тимор Дили
21%
Никарагуа Манагуа
21%
Шри-Ланка Шри-Джаяварденепура-Котте
20%
Гвинея-Бисау Бисау
19%
Гайана Джорджтаун
19%
Гондурас Тегусигальпа
19%
Мьянма Нейпьидо
19%
Демократическая Республика Конго Киншаса
18%
Сенегал Дакар
18%
Ангола Луанда
17%
Бруней Бандар-Сери-Бегаван
17%
Нигерия Абуджа
17%
Багамы Нассау
16%
Доминиканская Республика Санто-Доминго
16%
Гаити Порт-о-Пренс
16%
Сейшелы Виктория
16%
Суринам Парамарибо
16%
Белиз Бельмопан
15%
Доминика Розо
15%
Гана Аккра
15%
Республика Конго Браззавиль
15%
Сан-Томе и Принсипи Сан-Томе
15%
Сомали Могадишо
15%
Чад Нджамена
14%
Антигуа и Барбуда Сент-Джонс
13%
Барбадос Бриджтаун
13%
Буркина-Фасо Уагадугу
13%
Камерун Яунде
13%
Нигер Ниамей
13%
Судан Хартум
13%
Тринидад и Тобаго Порт-оф-Спейн
13%
Зимбабве Хараре
13%
Бенин Порто-Ново/Котону
12%
Ботсвана Габороне
12%
Фиджи Сува
12%
Габон Либревиль
12%
Папуа-Новая Гвинея Порт-Морсби
12%
Танзания Додома
12%
Замбия Лусака
12%
Кабо-Верде Прая
11%
Кот-д'Ивуар Ямусукро
11%
Либерия Монровия
11%
Мавритания Нуакшот
11%
Сент-Китс и Невис Бастер
11%
Сент-Люсия Кастри
11%
Южный Судан Джуба
11%
Гренада Сент-Джорджес
10%
Кирибати Южная Тарава
10%
Маврикий Порт-Луи
10%
Мозамбик Мапуту
10%
Намибия Виндхук
10%
Сьерра-Леоне Фритаун
10%
Того Ломе
10%
Бурунди Гитега
9%
Центральноафриканская Республика Банги
9%
Гвинея Конакри
9%
Лесото Масеру
9%
Мали Бамако
9%
Науру Ярен
9%
Руанда Кигали
9%
Самоа Апиа
9%
Тувалу Фунафути
9%
Уганда Кампала
9%
Вануату Порт-Вила
9%
Эритрея Асмэра
8%
Эсватини Мбабане
8%
Федеративные Штаты Микронезии Паликир
8%
Гамбия Банжул
8%
Малави Лилонгве
8%
Коморы Морони
7%
Маршалловы Острова Маджуро
7%
Палау Нгерулмуд
7%
Тонга Нукуалофа
7%
Экваториальная Гвинея Сьюдад-де-ла-Пас
6%
Соломоновы Острова Хониара
6%
No matching quizzes found
Score Distribution
Percent of People with Each Score
Percentile by Number Answered
Your Score History
You have not taken this quiz